00546nam a22001457a 4500003000400000008004100004020001800045082001800063245010900081260007300190300001700263650004100280650005200321700002700373OSt260606b |||||||| |||| 00| 0 eng d a9789366260389 a631.584bS49T aextbook of Modern Organic Farming :With Emphasis on Natural Farming/bby K. S. Vijai Selvaraj...[et al.] aNew Delhi: bInternational Books & Periodicals Supply Servicec2025. aviii, 421 p. aAgriculture and related technologies aOrganic farming / Organic & Natural Agriculture aSelvaraj, K. S. Vijai